Contemporary oral and maxillofacial surgery / (Record no. 1496)

MARC details
000 -LEADER
fixed length control field 01417cam a2200397 a 4500
001 - CONTROL NUMBER
control field data
005 - DATE AND TIME OF LATEST TRANSACTION
control field 20260322212103.0
008 - FIXED-LENGTH DATA ELEMENTS--GENERAL INFORMATION
fixed length control field data
035 ## - SYSTEM CONTROL NUMBER
System control number 13262417
010 ## - LIBRARY OF CONGRESS CONTROL NUMBER
LC control number 2003272020
020 ## - INTERNATIONAL STANDARD BOOK NUMBER
International Standard Book Number 0323018874
020 ## - INTERNATIONAL STANDARD BOOK NUMBER
International Standard Book Number 9780323018876
040 ## - CATALOGING SOURCE
Original cataloging agency DLC
Transcribing agency DLC
Modifying agency DLC
050 00 - LIBRARY OF CONGRESS CALL NUMBER
Classification number RK529
Item number .C66 2003
082 00 - DEWEY DECIMAL CLASSIFICATION NUMBER
Classification number 617.5/22059
Edition information 22
245 00 - TITLE STATEMENT
Title Contemporary oral and maxillofacial surgery /
Statement of responsibility, etc. senior editor, Larry J. Peterson ; associate editors, Edward Ellis III, James R. Hupp, Myron R. Tucker.
246 30 - VARYING FORM OF TITLE
Title proper/short title Oral and maxillofacial surgery
250 ## - EDITION STATEMENT
Edition statement 4th ed.
260 ## - PUBLICATION, DISTRIBUTION, ETC.
Place of publication, distribution, etc. St. Louis :
Name of publisher, distributor, etc. Mosby,
Date of publication, distribution, etc. c2003.
300 ## - PHYSICAL DESCRIPTION
Extent xviii, 776 p. :
Other physical details ill. (some col.) ;
Dimensions 29 cm.
336 ## - CONTENT TYPE
Content type term text
Content type code txt
Source rdacontent
337 ## - MEDIA TYPE
Media type term unmediated
Media type code n
Source rdamedia
338 ## - CARRIER TYPE
Carrier type term volume
Carrier type code nc
Source rdacarrier
504 ## - BIBLIOGRAPHY, ETC. NOTE
Bibliography, etc. note Includes bibliographical references and index.
650 #0 - SUBJECT ADDED ENTRY--TOPICAL TERM
Topical term or geographic name entry element Mouth
General subdivision Surgery.
650 #0 - SUBJECT ADDED ENTRY--TOPICAL TERM
Topical term or geographic name entry element Maxilla
General subdivision Surgery.
650 #0 - SUBJECT ADDED ENTRY--TOPICAL TERM
Topical term or geographic name entry element Face
General subdivision Surgery.
650 12 - SUBJECT ADDED ENTRY--TOPICAL TERM
Topical term or geographic name entry element Surgery, Oral.
650 22 - SUBJECT ADDED ENTRY--TOPICAL TERM
Topical term or geographic name entry element Maxilla
General subdivision surgery.
650 22 - SUBJECT ADDED ENTRY--TOPICAL TERM
Topical term or geographic name entry element Face
General subdivision surgery.
700 1# - ADDED ENTRY--PERSONAL NAME
Personal name Peterson, Larry J.,
Dates associated with a name 1942-
906 ## - LOCAL DATA ELEMENT F, LDF (RLIN)
a 7
b cbc
c origcop
d 2
e ncip
f 20
g y-gencatlg
925 0# -
-- acquire
-- 2 shelf copies
-- policy default
955 ## - COPY-LEVEL INFORMATION (RLIN)
-- jc15 2003-07-10
-- jc03 2003-07-14 to Dewey
Holdings
Withdrawn status Lost status Damaged status Not for loan Home library Current library Shelving location Date acquired Total checkouts Full call number Barcode Date last seen Price effective from Koha item type
        Riverside Riverside General stacks 22/03/2026   617.5/22059 LOC-RPL-00043 22/03/2026 22/03/2026 Books